书目信息 |
| 题名: |
清代台湾军事与社会
|
|
| 作者: | 许毓良 著 | |
| 分册: | ||
| 出版信息: | 北京 九州出版社 2008 |
|
| 页数: | 626页 | |
| 开本: | 23cm | |
| 丛书名: | ||
| 单 册: | ||
| 中图分类: | E295 | |
| 科图分类: | ||
| 主题词: | 军事--概况--台湾省--清代 , 政治--概况--台湾省--清代 , 军事 , 政治 | |
| 电子资源: | ||
| ISBN: | 978-7-80195-837-2 | |
| 000 | 00723nam0 2200253 45 | |
| 001 | 1050674375 | |
| 005 | 20100415110455.50 | |
| 010 | @a978-7-80195-837-2@dCNY88.00 | |
| 100 | @a20100408d2008 em y0chiy0120 ea | |
| 101 | 0 | @achi |
| 102 | @aCN@b110000 | |
| 105 | @ay z 000yy | |
| 106 | @ar | |
| 200 | 1 | @a清代台湾军事与社会@AQing Dai Tai Wan Jun Shi Yu She Hui@f(台湾) 许毓良著@F( Tai Wan ) Xu Yu Liang Zhu |
| 210 | @a北京@c九州出版社@d2008 | |
| 215 | @a626页@d23cm | |
| 606 | 0 | @a军事@x概况@y台湾省@z清代 |
| 606 | 0 | @a政治@x概况@y台湾省@z清代 |
| 606 | 0 | @a军事 |
| 606 | 0 | @a政治 |
| 690 | @aE295@v4 | |
| 701 | 0 | @a许毓良@AXu Yu Liang@4著 |
| 801 | 0 | @aCN@bTANGWEI@c20100415 |
| 905 | @b0589362-66@dE295@e67@f5 | |
| 清代台湾军事与社会/(台湾) 许毓良著.-北京:九州出版社,2008 |
| 626页;23cm |
| ISBN 978-7-80195-837-2:CNY88.00 |
| ● |
| 相关链接 |
|
|
|
|
正题名:清代台湾军事与社会
索取号:E295/67
 
预约/预借
| 序号 | 登录号 | 条形码 | 馆藏地/架位号 | 状态 | 备注 |
| 1 | 0589362 | 205893620 | 第一样本阅览室/ [索取号:E295/67] | 在馆 | |
| 2 | 0589363 | 205893639 | 第一借阅区/ [索取号:E295/67] | 在馆 | |
| 3 | 0589364 | 205893648 | 第一借阅区/ [索取号:E295/67] | 在馆 | |
| 4 | 0589365 | 205893657 | 第一借阅区/ [索取号:E295/67] | 在馆 | |
| 5 | 0589366 | 205893666 | 第一借阅区/ [索取号:E295/67] | 在馆 |